000 00656nam a22001817a 4500
005 20250919153658.0
008 250910b |||||||| |||| 00| 0 eng d
020 _a9781666871616
082 _aDC 796.069 El43 2024
100 _aElinor, Jason.
_967363
245 _aAdministration and management for sports and physical education /
_cJason Elinor.
260 _aUSA :
_bAmerican Academic Publisher,
_c ©2024.
300 _avii, 335 pages :
_billustrations ;
_c26 cm.
500 _aIncludes bibliography and index.
650 0 _aPhysical education and training
_xAdministration.
_967930
650 0 _aSchool sports
_xManagement.
_967931
942 _2ddc
_cDC
999 _c23726
_d23726